|
|
|
|
| LEADER |
01844njm a2200409 a 4500 |
| 001 |
001364702 |
| 003 |
CZ BrMZK |
| 005 |
20140228103145.0 |
| 007 |
sd fsngnnmmned |
| 008 |
140205p20131967xr ppnng n cze d |
| 015 |
|
|
|a cnb002564538
|
| 024 |
1 |
|
|a 099925621728
|
| 028 |
0 |
1 |
|a SU 6217-2
|b Supraphon
|
| 040 |
|
|
|a BOA001
|b cze
|
| 045 |
|
|
|a x6x9
|
| 072 |
|
7 |
|a 784
|x Vokální hudba
|2 Konspekt
|9 9
|
| 080 |
|
|
|a 784.4
|2 MRF
|
| 080 |
|
|
|a (086.76)
|2 MRF
|
| 100 |
1 |
|
|a Hybš, Václav,
|d 1935-2026
|7 jn19990209281
|4 cnd
|
| 245 |
1 |
0 |
|a Hybš hraje o lásce
|h [zvukový záznam]
|
| 260 |
|
|
|a Praha :
|b Supraphon,
|c p2013
|
| 300 |
|
|
|a 1 zvuková deska (65:46) :
|b digital, stereo ;
|c 12 cm
|
| 306 |
|
|
|a 010546
|
| 500 |
|
|
|a Kompaktní deska (AAD)
|
| 505 |
0 |
0 |
|t Točí se svět --
|t Jen pro ten dnešní den --
|t Cikánka --
|t Hledám tě dál --
|t Tak abyste to věděla --
|t S láskou --
|t Hm, hm --
|t Píseň pro Kristýnku --
|t Už nikdy víc milovat nebudu --
|t Sen lásky --
|t Pouze s ním --
|t Motýl --
|t Amor, amor --
|t Lásko má --
|t Povím to tancem --
|t Dobrou noc --
|g Bonusy.
|t Modrý sarafán ;
|t Měj rád, měj ráda ;
|t Děvče, děvče ;
|t Zdálo se mně, má panenko ;
|t Dvě srdce, jeden hlas ;
|t Měl jsem rád a mám
|
| 511 |
0 |
|
|a Zpívá Pavel Bartoň a další ; Václav Hybš se svým orchestrem
|
| 518 |
|
|
|a Nahráno v letech 1967-1990; původní fonogramy p1968-p1990 Supraphon
|
| 648 |
|
4 |
|a 1967-1990
|
| 648 |
|
4 |
|a 1961-1990
|
| 650 |
0 |
7 |
|a populární písně
|7 ph124354
|y 1961-1990
|2 czenas
|
| 655 |
|
7 |
|a kompaktní desky
|7 fd201991
|2 czenas
|
| 700 |
1 |
|
|a Bartoň, Pavel,
|d 1950-
|7 mzk2007390763
|4 sng
|
| 710 |
2 |
|
|a Orchestr Václava Hybše
|7 ko2002147950
|
| 910 |
|
|
|a BOA001
|b CDR-1320.203
|
| 990 |
|
|
|a AV
|
| 991 |
|
|
|b 201402
|
| 996 |
6 |
|
|b 2610580479
|c CDR-1320.203
|l MZK
|r Sklad / do 24 hodin
|n 0
|p p.v.
|w 001399512
|u 000010
|a 1
|e BOA001
|j MZK50
|s P
|